Statistics for Top 8 States with the Tallest People

Click here to take the quiz!

General Stats

  • This quiz has been taken 196 times
  • The average score is 5 of 8

Answer Stats

State% Correct
Washington
77%
Oregon
74%
Alaska
67%
Utah
62%
Nebraska
55%
Iowa
54%
South Dakota
50%
Alabama
45%

Score Distribution

Percentile by Number Answered

Percent of People with Each Score

Your Score History

You have not taken this quiz